Country Flags with the Moon - Picture Quiz - Statistics

General Stats
  • This quiz has been taken 22 times
  • The average score is 17 of 18
Answer Stats
Picture Answer % Correct
Algeria
100%
Turkey
100%
Azerbaijan
95%
Malaysia
95%
Mongolia
95%
Nepal
95%
Pakistan
95%
Singapore
95%
Tunisia
95%
Turkmenistan
95%
Uzbekistan
95%
Croatia
90%
Mauritania
90%
Comoros
85%
Libya
85%
Maldives
85%
Palau
85%
Laos
80%
No matching quizzes found
Score Distribution
Percent of People with Each Score
Percentile by Number Answered
Your Score History
You have not taken this quiz